00240nam a22000857a 4500082001700000100001800017245005500035260005400090300001000144 a362.880bHYD aHyder, Ghulam aHonour killing and the status of woman in Pakistan aPakistan,bNational Institute of Pakistan:c2007. a212p.